| 000 | 00504nam a22001817a 4500 | ||
|---|---|---|---|
| 005 | 20230401151110.0 | ||
| 008 | 230401b |||||||| |||| 00| 0 eng d | ||
| 020 | _a978-11385694-5-4 | ||
| 041 | _aeng | ||
| 082 | _a615.1 LIE-P | ||
| 100 |
_aLIEBERMAN,HERBERT A. , RIEGER, MARTIN M AND OTHERS _97619 |
||
| 245 | _aPHARMACEUTICAL DOSAGE FORMS:DISPERSE SYSTEM VOL : 2 | ||
| 250 | _a2nd ed. | ||
| 260 |
_bACADMIC PRESS _c2022 |
||
| 300 | _a506;P. | ||
| 650 |
_aPHARMACY _xB. PHARMA _97620 |
||
| 942 | _cBK | ||
| 999 |
_c8279 _d8277 |
||